Wszystkie gry platformowe na Dreamcasta - Statystyki

Ogólne statystyki
  • Ten quiz został rozwiązany 8 razy
  • Średni wynik to 6 z 26
Statystyki odpowiedzi
Region Tytuł % Poprawnych
NTSC-U Sonic Adventure
100%
NTSC-U Sonic Adventure 2
100%
NTSC-U 102 Dalmatians: Puppies to the Rescue
33%
NTSC-U Buzz Lightyear of Star Command
33%
NTSC-U Dinosaur
33%
NTSC-U Donald Duck Goin' Quackers
33%
PAL Evil Twin:Cyprien's Chronicles
33%
NTSC-U Kao the Kangaroo
33%
NTSC-U Legacy of Kain: Soul Reaver
33%
NTSC-U Super Magnetic Neo
33%
NTSC-U Tomb Raider: Chronicles
33%
NTSC-U Tomb Raider: The Last Revelation
33%
NTSC-U Toy Story 2: Buzz Lightyear to the Rescue!
33%
NTSC-U Chicken Run
0%
NTSC-U Ecco the Dolphin: Defender of the Future
0%
NTSC-U Floigan Bros. Episode 1
0%
NTSC-U Frogger 2: Swampy's Revenge
0%
NTSC-U Fur Fighters
0%
NTSC-J L.O.L. Lack of Love
0%
NTSC-U MDK2
0%
NTSC-J Napple Tale: Arsia in Daydream
0%
NTSC-U Prince of Persia: Arabian Nights
0%
NTSC-U Rayman 2: The Great Escape
0%
NTSC-U Shadow Man
0%
NTSC-U Spider-Man
0%
NTSC-U The Grinch
0%
Nie znaleziono quizów pasujących do podanych kryteriów
Rozkład punktacji
Procent ludzi z każdym wynikiem
Percentyl według liczby udzielonych odpowiedzi
Twoja historia wyników
Nie rozwiązałeś tego quizu